Sports Quiz

Random Sports or NBA Quiz

NBA Hall of Fame Coaches (Part 1) Quiz Stats

Quiz not verified by Sporcle

Challenge
Share
Tweet
Embed
Score 0/20 Timer 05:00
0 Plays Today
Hint Answer % Correct
1947-66Red Auerbach
93.3%
1982-99Chuck Daly
60%
1975-2005Hubie Brown
51.1%
1973-2011Larry Brown
51.1%
1998-2000Larry Bird
24.4%
1978-85Billy Cunningham
20%
1965-72Richie Guerin
13.3%
1975-79Elgin Baylor
11.1%
1971-73Lou Carnesecca
11.1%
1970-74Bob Cousy
11.1%
Hint Answer % Correct
1979-2002Dave Cowens
8.9%
1974Wilt Chamberlain
6.7%
1989Mel Daniels
6.7%
1950-59Al Cervi
4.4%
1963-66Henry Gallatin
4.4%
1947-55Edward Gottlieb
4.4%
1953-54Clair Bee
2.2%
1970-73Jerry Colangelo
2.2%
1965-67Dave DeBusschere
2.2%
1947Dutch Dehnert
2.2%

You're not logged in!

Compare scores with friends on all Sporcle quizzes.
Sign Up with Email
OR
Log In

You Might Also Like...

Show Comments

Extras

Top Quizzes Today


Score Distribution

Your Account Isn't Verified!

In order to create a playlist on Sporcle, you need to verify the email address you used during registration. Go to your Sporcle Settings to finish the process.